[Event "CRO-chT (Women)"]
[Site "Sibenik"]
[Date "2005.10.04"]
[Round "4.3"]
[White "Dokmanovic, Nina"]
[Black "Trtanj, Tina"]
[Result "1/2-1/2"]
[WhiteElo "2112"]
[BlackElo "2137"]
[PlyCount "108"]
[EventDate "2005.10.01"]
[EventType "team"]
[EventRounds "7"]
[EventCountry "CRO"]
[SourceTitle "CBM 108 Extra"]
[Source "ChessBase"]
[SourceDate "2005.11.04"]
[SourceVersion "1"]
[SourceVersionDate "2005.11.04"]
[SourceQuality "1"]

1. e4 d5 2. exd5 Qxd5 3. Nc3 Qd8 4. d4 Nf6 5. Nf3 a6 6. h3 e6 7. Bd3 b5 8. 0-0 Bb7 9. Qe2 Be7 10. Ne4 Qd5 11. Re1 Nxe4 12. Bxe4 Qxe4 13. Qxe4 Bxe4 14. Rxe4 Nd7 15. Bf4 Nf6 16. Re2 Nd5 17. Be5 0-0 18. c4 bxc4 19. Rc1 c3 20. bxc3 Ba3 21. Rcc2 Bd6 22. c4 Nb4 23. Rcd2 Rfb8 24. a3 Nc6 25. Bxd6 cxd6 26. d5 exd5 27. Rxd5 Rd8 28. Red2 Kf8 29. Rxd6 Rxd6 30. Rxd6 Na5 31. Nd2 Ke7 32. Rd3 Rb8 33. Rc3 Rb2 34. Ne4 Rb1+ 35. Kh2 Rb3 36. Rxb3 Nxb3 37. Kg3 f5 38. Ng5 Nd2 39. c5 h6 40. Nf3 Ne4+ 41. Kf4 Nxc5 42. Kxf5 Nd3 43. Nd4 Nxf2 44. Kg6 Nd3 45. Kxg7 Nf4 46. Nf5+ Ke6 47. Ne3 h5 48. g4 hxg4 49. hxg4 Ke5 50. g5 Kd4 51. Nc2+ Kc3 52. Nb4 Ne6+ 53. Kf6 Nxg5 54. Kxg5 Kb3 1/2-1/2

[Event "Trieste op 07th"]
[Site "Trieste"]
[Date "2005.09.08"]
[Round "7"]
[White "Trtanj, Tina"]
[Black "Videki, Sandor"]
[Result "0-1"]
[WhiteElo "2137"]
[BlackElo "2394"]
[PlyCount "60"]
[EventDate "2005.09.04"]
[EventType "swiss"]
[EventRounds "9"]
[EventCountry "ITA"]
[SourceTitle "CBM 108 Extra"]
[Source "ChessBase"]
[SourceDate "2005.11.04"]
[SourceVersion "1"]
[SourceVersionDate "2005.11.04"]
[SourceQuality "1"]

1. d4 d6 2. Nf3 g6 3. c4 Bg7 4. Nc3 Nf6 5. e4 0-0 6. Be2 e5 7. Be3 exd4 8. Nxd4 Re8 9. f3 Nc6 10. 0-0 Nh5 11. f4 Nf6 12. Bf3 Bg4 13. Nxc6 Bxf3 14. Qxf3 bxc6 15. e5 dxe5 16. fxe5 Rxe5 17. Rad1 Qe8 18. Bf4 Re7 19. Bg5 Re6 20. Bxf6 Bxf6 21. Ne4 Be7 22. Kh1 f5 23. Nf2 Bd6 24. Nh3 Re3 25. Qf2 Qe5 26. Nf4 g5 27. c5 Bxc5 28. Nh5 Rh3 29. Nf6+ Kh8 30. Ng4 fxg4 0-1

[Event "CRO-chT2 West"]
[Site "Rijeka"]
[Date "2005.04.09"]
[Round "4"]
[White "Trtanj, Tina"]
[Black "Vukic, Milan"]
[Result "0-1"]
[WhiteElo "2143"]
[BlackElo "2468"]
[PlyCount "108"]
[EventDate "2005.03.19"]
[EventType "team"]
[EventRounds "11"]
[EventCountry "CRO"]
[SourceTitle "EXT 2007"]
[Source "ChessBase"]
[SourceDate "2006.11.23"]
[SourceVersion "1"]
[SourceVersionDate "2006.11.23"]
[SourceQuality "1"]

1. d4 Nf6 2. Nf3 d6 3. c4 Nbd7 4. Nc3 c6 5. e4 e5 6. Be2 Be7 7. 0-0 0-0 8. Rb1 Qc7 9. b4 exd4 10. Nxd4 Re8 11. f4 Bf8 12. Bf3 a6 13. Kh1 Nb6 14. Qb3 Bg4 15. Ba3 Bxf3 16. gxf3 Nbd7 17. Nf5 g6 18. Rg1 Kh8 19. Ne3 Bg7 20. Bb2 a5 21. a3 axb4 22. axb4 Qb6 23. c5 dxc5 24. Qxf7 Rf8 25. Qe7 Rae8 26. bxc5 Nxc5 27. Qd6 Rd8 28. Ncd5 Qxb2 29. Qxc5 Qe2 30. Nxf6 Qxf3+ 31. Ng2 Rxf6 32. Qe7 Rb8 33. Rbf1 Qb3 34. e5 Rf7 35. Qd6 Re8 36. Rd1 Kg8 37. Rd3 Qe6 38. Qb4 Rd7 39. Rgd1 Red8 40. Rxd7 Rxd7 41. Qb1 Bf8 42. Ne3 Rxd1+ 43. Qxd1 Be7 44. Qa1 Qh3 45. Qa8+ Kf7 46. Qa2+ Qe6 47. Qb1 b5 48. Qe4 Bc5 49. f5 gxf5 50. Nxf5 Qd5 51. Ng3 Qxe4+ 52. Nxe4 Be7 53. Nf2 Ke6 54. Nd3 c5 0-1

[Event "Umag op"]
[Site "Umag"]
[Date "2005.03.24"]
[Round "6"]
[White "Trtanj, Tina"]
[Black "Vukelic, Zvonimir"]
[Result "1-0"]
[WhiteElo "2114"]
[BlackElo "2063"]
[PlyCount "55"]
[EventDate "2005.03.22"]
[EventType "swiss"]
[EventRounds "9"]
[EventCountry "CRO"]
[SourceTitle "CBM 105 Extra"]
[Source "ChessBase"]
[SourceDate "2005.05.01"]
[SourceVersion "1"]
[SourceVersionDate "2005.05.01"]
[SourceQuality "1"]

1. d4 d5 2. c4 c6 3. Nc3 dxc4 4. e4 e5 5. Nf3 exd4 6. Nxd4 b5 7. a4 b4 8. Nb1 Nf6 9. Bxc4 Bc5 10. Be3 0-0 11. e5 Ng4 12. e6 fxe6 13. Qxg4 Kh8 14. Bxe6 Na6 15. 0-0 Qf6 16. Bxc8 Raxc8 17. Nd2 Rce8 18. Ne4 Qe5 19. Nxc5 Nxc5 20. Nxc6 Qd5 21. Nxb4 Qd6 22. Rad1 Qe7 23. Nd5 Qd6 24. Qb4 Rc8 25. Bxc5 Rxc5 26. Ne3 Qe7 27. Rc1 Rfc8 28. Rxc5 1-0

[Event "Umag op"]
[Site "Umag"]
[Date "2005.03.23"]
[Round "3"]
[White "Paljusaj, Edmond"]
[Black "Trtanj, Tina"]
[Result "1-0"]
[WhiteElo "2231"]
[BlackElo "2114"]
[PlyCount "87"]
[EventDate "2005.03.22"]
[EventType "swiss"]
[EventRounds "9"]
[EventCountry "CRO"]
[SourceTitle "CBM 105 Extra"]
[Source "ChessBase"]
[SourceDate "2005.05.01"]
[SourceVersion "1"]
[SourceVersionDate "2005.05.01"]
[SourceQuality "1"]

1. e4 g6 2. h4 Bg7 3. h5 d6 4. d4 c5 5. dxc5 Qa5+ 6. Bd2 Qxc5 7. Nc3 Bd4 8. Bb5+ Nc6 9. Qe2 a6 10. Ba4 Be6 11. Nd5 Bxd5 12. exd5 Qxd5 13. Nf3 Bxb2 14. Bb3 Qc5 15. Rb1 Bc3 16. Bxc3 Qxc3+ 17. Kf1 Nd4 18. Nxd4 Qxd4 19. Qf3 Nf6 20. hxg6 fxg6 21. Qxb7 Rd8 22. Re1 Nd7 23. Qxa6 h5 24. Rh3 Rf8 25. Rhe3 Qh4 26. f3 Rf5 27. Rxe7+ Qxe7 28. Rxe7+ Kxe7 29. Qc4 Nc5 30. a4 Nxb3 31. cxb3 Rdf8 32. a5 Rc5 33. Qe4+ Kd7 34. b4 Re5 35. Qb7+ Ke6 36. a6 Kf5 37. a7 Ree8 38. b5 Kf4 39. Kf2 g5 40. b6 g4 41. g3+ Kf5 42. Qd5+ Re5 43. Qd3+ Ke6 44. b7 1-0

[Event "Umag op"]
[Site "Umag"]
[Date "2005.03.23"]
[Round "4"]
[White "Trtanj, Tina"]
[Black "Saric, Husnija"]
[Result "1-0"]
[WhiteElo "2114"]
[BlackElo "1916"]
[PlyCount "98"]
[EventDate "2005.03.22"]
[EventType "swiss"]
[EventRounds "9"]
[EventCountry "CRO"]
[SourceTitle "CBM 105 Extra"]
[Source "ChessBase"]
[SourceDate "2005.05.01"]
[SourceVersion "1"]
[SourceVersionDate "2005.05.01"]
[SourceQuality "1"]

1. d4 d5 2. c4 Nf6 3. Nc3 c6 4. Nf3 h6 5. Bf4 Bf5 6. e3 Qa5 7. Qb3 b6 8. cxd5 Nxd5 9. Bc4 e6 10. 0-0 Nxf4 11. exf4 Be7 12. Ne5 0-0 13. g4 b5 14. Bxb5 cxb5 15. gxf5 exf5 16. Qxb5 Qd8 17. Qd5 Na6 18. Nc6 Nb4 19. Qxd8 Raxd8 20. Nxe7+ Kh7 21. d5 Nd3 22. Nc6 Rd6 23. Nxa7 Nxf4 24. Rfe1 Rg6+ 25. Kf1 Rd8 26. Rad1 Nh3 27. d6 f4 28. Ke2 Re8+ 29. Kd2 Rxd6+ 30. Kc2 Rxe1 31. Rxe1 g5 32. Nab5 Rd7 33. f3 f5 34. Rd1 Rf7 35. Nd6 Rf6 36. a4 h5 37. a5 Nf2 38. Rd2 g4 39. Ne8 Rf8 40. Rxf2 Rxe8 41. fxg4 hxg4 42. Rxf4 Kg6 43. b4 Kg5 44. Rf2 f4 45. a6 f3 46. b5 Kf4 47. b6 g3 48. hxg3+ Kxg3 49. Rxf3+ Kxf3 1-0

[Event "Zadar op (Women)"]
[Site "Zadar"]
[Date "2004.12.14"]
[Round "2.3"]
[White "Trtanj, Tina"]
[Black "Medic, Mirjana"]
[Result "1/2-1/2"]
[WhiteElo "2112"]
[BlackElo "2237"]
[PlyCount "87"]
[EventDate "2004.12.13"]
[EventType "swiss"]
[EventRounds "9"]
[EventCountry "CRO"]
[SourceTitle "EXT 2006"]
[Source "ChessBase"]
[SourceDate "2005.11.24"]
[SourceVersion "1"]
[SourceVersionDate "2005.11.24"]
[SourceQuality "1"]

1. d4 e6 2. Nf3 d5 3. c4 c6 4. cxd5 exd5 5. Nc3 Bf5 6. Bg5 Be7 7. Bxe7 Qxe7 8. e3 Nf6 9. Bd3 Bxd3 10. Qxd3 Nbd7 11. 0-0 0-0 12. Rab1 a5 13. Qc2 Rfc8 14. Rfc1 h6 15. Na4 b6 16. a3 Ne4 17. Nc3 Nd6 18. Nd2 Nf6 19. Na4 Rab8 20. h3 Nd7 21. Nc3 b5 22. e4 dxe4 23. Ncxe4 Nxe4 24. Nxe4 Nf6 25. Nxf6+ Qxf6 26. Qd2 Rd8 27. Qxa5 Rxd4 28. Qc7 Rbd8 29. Rxc6 Rd1+ 30. Rxd1 Rxd1+ 31. Kh2 Qxf2 32. Rc3 Rd2 33. Qc8+ Kh7 34. Qg4 f5 35. Qf3 Qxf3 36. Rxf3 Rxb2 37. Rxf5 Rb3 38. Rc5 Kg6 39. h4 Kf6 40. g3 Ke6 41. Rc7 g6 42. h5 gxh5 43. Rc5 Rxa3 44. Rxb5 1/2-1/2

[Event "Porec op"]
[Site "Porec"]
[Date "2004.12.02"]
[Round "2"]
[White "Trtanj, Tina"]
[Black "Doric, Darko"]
[Result "1/2-1/2"]
[WhiteElo "2112"]
[BlackElo "2324"]
[PlyCount "100"]
[EventDate "2004.12.02"]
[EventType "swiss"]
[EventRounds "7"]
[EventCountry "CRO"]
[SourceTitle "CBM 103 Extra"]
[Source "ChessBase"]
[SourceDate "2005.01.01"]
[SourceVersion "1"]
[SourceVersionDate "2005.01.01"]
[SourceQuality "1"]

1. d4 d5 2. c4 e6 3. Nc3 c6 4. cxd5 exd5 5. Nf3 Bf5 6. e3 Nf6 7. Bd3 Bxd3 8. Qxd3 Be7 9. 0-0 0-0 10. Ne5 Nbd7 11. f4 Re8 12. Bd2 Bb4 13. Qf5 Bxc3 14. Bxc3 Qe7 15. Be1 Qe6 16. Qxe6 Rxe6 17. f5 Ree8 18. Bg3 Nxe5 19. dxe5 Ng4 20. f6 Nxe5 21. fxg7 Nc4 22. Rf3 Rad8 23. Bf4 Rd7 24. b3 Nd2 25. Rg3 Ne4 26. Rg4 f5 27. Rh4 Rxg7 28. Rf1 c5 29. Bh6 Rf7 30. g4 c4 31. bxc4 dxc4 32. gxf5 c3 33. Rg4+ Kh8 34. Rd1 c2 35. Rc1 Nf6 36. e4 Nxe4 37. Rxc2 Nf6 38. Rg3 Ng8 39. Be3 h6 40. Bxa7 Kh7 41. Bd4 Re1+ 42. Kg2 Rd1 43. Bb2 Ne7 44. Rf2 Nxf5 45. Rxf5 Rd2+ 46. Kh3 Rxf5 47. Rg7+ Kh8 48. Rg2+ Rxb2 49. Rxb2 b5 50. Rb4 Kh7 1/2-1/2

[Event "CRO-chT (Women)"]
[Site "Rabac"]
[Date "2004.09.11"]
[Round "7"]
[White "Trtanj, Tina"]
[Black "Bazaj Bockai, Snjezana"]
[Result "1/2-1/2"]
[WhiteElo "2116"]
[BlackElo "2161"]
[PlyCount "134"]
[EventDate "2004.09.05"]
[EventType "team-swiss"]
[EventRounds "9"]
[EventCountry "CRO"]
[SourceTitle "CBM 102 Extra"]
[Source "ChessBase"]
[SourceDate "2004.11.03"]
[SourceVersion "1"]
[SourceVersionDate "2004.11.03"]
[SourceQuality "1"]

1. d4 d5 2. Nf3 Nf6 3. e3 Bf5 4. c4 c6 5. Nc3 e6 6. Bd3 Bxd3 7. Qxd3 Nbd7 8. 0-0 Be7 9. Re1 0-0 10. e4 dxe4 11. Nxe4 Nxe4 12. Qxe4 Qa5 13. a3 Rfd8 14. Bd2 Qh5 15. Bc3 Bf6 16. Rad1 Nb6 17. Qe2 Rd7 18. Rd2 Rad8 19. b4 Qf5 20. h3 h6 21. Red1 Qh5 22. Re1 Nc8 23. Red1 b5 24. Kh2 bxc4 25. Qxc4 Qb5 26. Qb3 Nb6 27. Ba1 a5 28. Rc1 axb4 29. Qxb4 Nd5 30. Qxb5 cxb5 31. Rc5 b4 32. axb4 Nxb4 33. Bc3 Nd5 34. Ba5 Rb8 35. Rdc2 Ra7 36. Bc7 Nxc7 37. Rxc7 Rxc7 38. Rxc7 Rd8 39. Rc4 Kh7 40. g3 Rd5 41. Kg2 Kg6 42. g4 h5 43. Kg3 hxg4 44. hxg4 Ra5 45. Kg2 Ra3 46. Rb4 Rd3 47. Ra4 Rb3 48. Rc4 Rb2 49. Kg3 Rb5 50. Kg2 Rb3 51. Ra4 Rb2 52. Rc4 Rb7 53. Ra4 Bg5 54. Nxg5 Kxg5 55. Kg3 Rb3+ 56. f3 Rd3 57. Ra5+ Kf6 58. Ra4 g5 59. Kf2 Kg6 60. Ke2 Rb3 61. Ra6 Rc3 62. d5 Kf6 63. d6 Rc5 64. Ke3 Rd5 65. Ke4 Rd1 66. Rb6 Rd2 67. Ra6 Rd1 1/2-1/2

[Event "Kostrena IM"]
[Site "Kostrena"]
[Date "2004.09.03"]
[Round "9"]
[White "Bratovic, Blaz"]
[Black "Trtanj, Tina"]
[Result "1/2-1/2"]
[WhiteElo "2332"]
[BlackElo "2116"]
[PlyCount "100"]
[EventDate "2004.08.26"]
[EventType "tourn"]
[EventRounds "9"]
[EventCountry "CRO"]
[EventCategory "2"]
[SourceTitle "CBM 102 Extra"]
[Source "ChessBase"]
[SourceDate "2004.11.03"]
[SourceVersion "1"]
[SourceVersionDate "2004.11.03"]
[SourceQuality "1"]

1. e4 c6 2. d4 d5 3. Nc3 dxe4 4. Nxe4 Nf6 5. Nxf6+ gxf6 6. c3 Qc7 7. Qf3 h5 8. h3 Bg4 9. Qf4 Qxf4 10. Bxf4 Bf5 11. 0-0-0 Nd7 12. Nf3 0-0-0 13. Nh4 Bh7 14. Be2 e5 15. Be3 exd4 16. Bxd4 Bh6+ 17. Be3 Rhe8 18. Bd3 Bxe3+ 19. fxe3 Bxd3 20. Rxd3 Ne5 21. Rxd8+ Kxd8 22. Rf1 Re6 23. Rf5 Nc4 24. Rxh5 Nxe3 25. g4 Rd6 26. b3 Rd1+ 27. Kb2 b5 28. Nf3 Rd3 29. Rh7 Nd1+ 30. Kc2 Rxc3+ 31. Kxd1 Rxf3 32. Ke2 Rc3 33. Rxf7 Rxh3 34. Rxf6 Rh2+ 35. Rf2 Rh3 36. Kd2 Rg3 37. Rf4 Rg2+ 38. Kc3 c5 39. Rf5 Rg3+ 40. Kd2 Rxg4 41. Rxc5 Rg2+ 42. Kc3 Rxa2 43. Rxb5 Kc7 44. Rh5 Rg2 45. Kb4 Rg7 46. Ka5 Kb7 47. b4 a6 48. Rc5 Rg1 49. Ka4 Rg3 50. Rh5 Rg7 1/2-1/2

[Event "Kostrena IM"]
[Site "Kostrena"]
[Date "2004.08.26"]
[Round "1"]
[White "Trtanj, Tina"]
[Black "Ramesa, Marin"]
[Result "0-1"]
[WhiteElo "2116"]
[BlackElo "2207"]
[PlyCount "110"]
[EventDate "2004.08.26"]
[EventType "tourn"]
[EventRounds "9"]
[EventCountry "CRO"]
[EventCategory "2"]
[SourceTitle "CBM 102 Extra"]
[Source "ChessBase"]
[SourceDate "2004.11.03"]
[SourceVersion "1"]
[SourceVersionDate "2004.11.03"]
[SourceQuality "1"]

1. d4 Nf6 2. Nf3 e6 3. Bg5 c5 4. c3 Be7 5. Nbd2 cxd4 6. Nxd4 d5 7. e3 h6 8. Bh4 0-0 9. N2f3 Ne4 10. Bxe7 Qxe7 11. Ne5 Nd7 12. Nxd7 Bxd7 13. Bd3 e5 14. Ne2 Nc5 15. Bc2 Bc6 16. 0-0 Rad8 17. b4 Ne4 18. a4 b6 19. Qd3 g6 20. Ng3 Ba8 21. Rad1 Qc7 22. Bb3 Nxg3 23. hxg3 Kg7 24. c4 d4 25. e4 Qc6 26. f3 a5 27. c5 axb4 28. cxb6 Qxb6 29. Ra1 Rc8 30. a5 Qd6 31. Rfc1 Rc5 32. a6 Rfc8 33. Rxc5 Qxc5 34. a7 Rc7 35. Kh2 Rxa7 36. Rxa7 Qxa7 37. Qb5 Qe7 38. Qc4 Bb7 39. f4 exf4 40. Qxd4+ Qf6 41. Qc4 fxg3+ 42. Kxg3 Qc3+ 43. Qxc3+ bxc3 44. Kf4 Kf6 45. g3 g5+ 46. Ke3 Ke5 47. Bxf7 Bxe4 48. Bb3 c2 49. Kd2 Kd4 50. Bf7 Ke5 51. Be8 Bh7 52. Ba4 h5 53. Be8 h4 54. gxh4 gxh4 55. Bd7 Bf5 0-1

[Event "Bosnjaci op 10th (Women)"]
[Site "Bosnjaci"]
[Date "2004.??.??"]
[Round "9"]
[White "Rezek, Anet"]
[Black "Trtanj, Tina"]
[Result "0-1"]
[WhiteElo "2089"]
[BlackElo "2084"]
[PlyCount "90"]
[EventDate "2004.01.??"]
[EventType "swiss"]
[EventRounds "9"]
[EventCountry "CRO"]
[SourceTitle "CBM 098 Extra"]
[Source "ChessBase"]
[SourceDate "2004.03.10"]
[SourceVersion "2"]
[SourceVersionDate "2004.03.10"]
[SourceQuality "1"]

1. e4 c6 2. d4 d5 3. exd5 cxd5 4. Nf3 Nc6 5. Be2 Nf6 6. 0-0 Bg4 7. c3 e6 8. Bf4 Bd6 9. Ne5 Bxe2 10. Qxe2 0-0 11. Nd2 Rc8 12. Rfe1 Qc7 13. Bg5 Qd8 14. Bxf6 Qxf6 15. Nd7 Qh6 16. Nf3 Rfd8 17. Nde5 a6 18. Ng4 Qf4 19. Nge5 Bxe5 20. Nxe5 Nxe5 21. Qxe5 Qxe5 22. Rxe5 Rc6 23. Rae1 b5 24. a3 a5 25. f4 g6 26. g4 b4 27. axb4 axb4 28. R5e3 bxc3 29. Rxc3 Rb6 30. b3 Rb4 31. Rd3 Rdb8 32. Ree3 Rc8 33. Kf2 Kg7 34. Kg3 Rc1 35. f5 Rg1+ 36. Kh4 gxf5 37. gxf5 exf5 38. Re5 Rg4+ 39. Kh5 Rb6 40. Rxf5 Rbg6 41. Rdf3 f6 42. Rxd5 Rg2 43. Rd7+ Kg8 44. h4 Rh2 45. Rc3 Rg5+ 0-1

[Event "Bosnjaci op 10th (Women)"]
[Site "Bosnjaci"]
[Date "2004.??.??"]
[Round "4"]
[White "Saric, Kristina"]
[Black "Trtanj, Tina"]
[Result "1-0"]
[WhiteElo "2170"]
[BlackElo "2084"]
[PlyCount "65"]
[EventDate "2004.01.??"]
[EventType "swiss"]
[EventRounds "9"]
[EventCountry "CRO"]
[SourceTitle "CBM 098 Extra"]
[Source "ChessBase"]
[SourceDate "2004.03.10"]
[SourceVersion "2"]
[SourceVersionDate "2004.03.10"]
[SourceQuality "1"]

1. e4 c6 2. d4 d5 3. Nc3 dxe4 4. Nxe4 Bf5 5. Ng3 Bg6 6. h4 h6 7. h5 Bh7 8. Nf3 Nd7 9. Bd3 Bxd3 10. Qxd3 Ngf6 11. Bd2 e6 12. 0-0-0 Qc7 13. Rhe1 0-0-0 14. Qe2 Nd5 15. Ne4 N7f6 16. Ne5 Nxe4 17. Qxe4 Nf6 18. Qf3 Bd6 19. Bf4 Bxe5 20. Bxe5 Qe7 21. Re3 Nd5 22. Ra3 b5 23. Rc3 Qb7 24. Rc5 f6 25. Bg3 Rhe8 26. Rd3 Nb4 27. Rb3 Rxd4 28. Rxb4 Rxb4 29. Rxc6+ Kd7 30. Qd3+ Ke7 31. Rc7+ Qxc7 32. Bxc7 Kf7 33. Qg6+ 1-0

[Event "Mediterranean Flower (Women)"]
[Site "Rijeka"]
[Date "2003.03.09"]
[Round "3"]
[White "Trtanj, Tina"]
[Black "Pahor, Andrea"]
[Result "0-1"]
[WhiteElo "2158"]
[BlackElo "2034"]
[PlyCount "116"]
[EventDate "2003.03.07"]
[EventType "tourn"]
[EventRounds "9"]
[EventCountry "CRO"]
[SourceTitle "CBM 093 Extra"]
[Source "ChessBase"]
[SourceDate "2003.05.09"]
[SourceVersion "1"]
[SourceVersionDate "2003.05.09"]
[SourceQuality "1"]

1. d4 Nf6 2. Nf3 e6 3. e3 c5 4. Bd3 b6 5. b3 Bb7 6. Bb2 Be7 7. 0-0 0-0 8. Nbd2 d6 9. Qe2 Nbd7 10. c4 cxd4 11. exd4 d5 12. Rad1 Qc7 13. Ne5 Rfd8 14. f4 Re8 15. Rde1 Bb4 16. cxd5 exd5 17. Rc1 Qd6 18. Ndf3 Ne4 19. Bxe4 dxe4 20. Ng5 f6 21. Qh5 fxg5 22. Qf7+ Kh8 23. Qxd7 Qxd7 24. Nxd7 Ba6 25. fxg5 Bxf1 26. Kxf1 Rac8 27. Ne5 Rxc1+ 28. Bxc1 Rc8 29. Bf4 Rc2 30. d5 Kg8 31. Nc6 Bd2 32. Bb8 a5 33. h4 Bb4 34. h5 e3 35. Nxb4 axb4 36. d6 Kf7 37. Bc7 Ke6 38. g6 hxg6 39. hxg6 b5 40. Bb6 e2+ 41. Ke1 Kxd6 42. Bd4 Rc7 43. Kxe2 Ke6 44. g4 Kd5 45. Kd3 Re7 46. g5 Rd7 47. Bb2 Ra7 48. Bd4 Rc7 49. Bb2 Kd6 50. Ke4 Ke6 51. Bd4 Rd7 52. Bb2 Rd5 53. Kf4 Rd2 54. Bxg7 Rxa2 55. Bf8 Rh2 56. g7 Kf7 57. Ke4 Rh3 58. Bxb4 Rh4+ 0-1

[Event "Mediterranean Flower (Women)"]
[Site "Rijeka"]
[Date "2003.03.07"]
[Round "1"]
[White "Trtanj, Tina"]
[Black "Franciskovic, Borka"]
[Result "0-1"]
[WhiteElo "2158"]
[BlackElo "1991"]
[PlyCount "66"]
[EventDate "2003.03.07"]
[EventType "tourn"]
[EventRounds "9"]
[EventCountry "CRO"]
[SourceTitle "CBM 093 Extra"]
[Source "ChessBase"]
[SourceDate "2003.05.09"]
[SourceVersion "1"]
[SourceVersionDate "2003.05.09"]
[SourceQuality "1"]

1. d4 Nf6 2. Nf3 e6 3. a3 c5 4. e3 b6 5. Be2 Bb7 6. 0-0 Be7 7. c4 0-0 8. Nc3 cxd4 9. exd4 d5 10. Ne5 dxc4 11. Bxc4 Nc6 12. Nxc6 Bxc6 13. Be3 Qd7 14. Qe2 Nd5 15. Nxd5 Bxd5 16. Bd3 Rac8 17. Rad1 Rc7 18. Rfe1 Rfc8 19. Qh5 g6 20. Qh6 Bf8 21. Qg5 Bb3 22. Rd2 Rc1 23. Rde2 Rxe1+ 24. Rxe1 Bg7 25. Qg4 Rd8 26. Bf1 Bxd4 27. Bxd4 Qxd4 28. Qxd4 Rxd4 29. Re3 Bd5 30. h3 Rd1 31. Rc3 Bb7 32. Rd3 Rb1 33. Rd8+ Kg7 0-1

[Event "CRO-chT2 (Women)"]
[Site "Rabac"]
[Date "2003.??.??"]
[Round "5"]
[White "Stadler, Brigita"]
[Black "Trtanj, Tina"]
[Result "1/2-1/2"]
[WhiteElo "2142"]
[BlackElo "2158"]
[PlyCount "28"]
[EventDate "2003.??.??"]
[EventType "team"]
[EventRounds "5"]
[EventCountry "CRO"]
[SourceTitle "EXT 2005"]
[Source "ChessBase"]
[SourceDate "2004.11.15"]
[SourceVersion "1"]
[SourceVersionDate "2004.11.15"]
[SourceQuality "1"]

1. e4 c6 2. d4 d5 3. Nc3 dxe4 4. Nxe4 Bf5 5. Ng3 Bg6 6. h4 h6 7. Nf3 Nd7 8. h5 Bh7 9. Bd3 Bxd3 10. Qxd3 e6 11. Bd2 Ngf6 12. 0-0-0 Qc7 13. Ne4 Nxe4 14. Qxe4 Nf6 1/2-1/2